عرض عادي
عرض مارك
- Roth, Charles H.
مدخل إسم شخص
001 - رقم الضبط
- حقل الضبط: 49993
003 - معرف رقم الضبط
- حقل الضبط: OSt
005 - تاريخ ووقت أخر عملية
- حقل الضبط: 20150729235305.0
008 - عناصر بيانات ثابتة الطول
- حقل تحكم ثابت الطول: 150729|| aca||aabn | a|a d
040 ## - مصدر الفهرسة
- هيئة الفهرسة الأصلية: OSt
- وكالة الكتابة: OSt
100 ## - مدخل -- أسم شخص
- إسم شخص: Roth, Charles H.
670 ## - بيانات المصدر موجوده
- الاستشهاد بالمصدر: Work cat.: (OSt)0: Roth, Charles H., Fundamentals of logic design /, 2014.
